The Signifying Self : A Psycho Social Semiotic Analysis of People Watching /
The Signifying Self is a study in people watching. It uses semiotics, psychoanalytic theory and sociological perspectives to consider how people present themselves to the world and are assessed by those watching them. It deals with people's physical attributes, such as their age, teeth, bodies...
المؤلف الرئيسي:
التنسيق: كتاب الكتروني
اللغة: English
منشور في:
Leiden ; Boston :
Brill,
2025.
سلاسل:
Brill Research Perspectives in Humanities and Social Sciences.
Social Sciences E-Books Online, Collection 2025.
الموضوعات:
الوصول للمادة أونلاين: Login to view Source
الوسوم: إضافة وسم
رقم الطلب: HN65
| LEADER | 02309nam a22005178i 4500 | ||
|---|---|---|---|
| 001 | BRILL9789004712805 | ||
| 003 | nllekb | ||
| 005 | 20241111181330.0 | ||
| 006 | m d | ||
| 007 | cr un uuuua | ||
| 008 | 240823s2025 gw sb 001 0 eng d | ||
| 020 | |a 9789004712805 |q (electronic book) | ||
| 020 | |z 9789004712799 |q (print) | ||
| 024 | 7 | |a 10.1163/9789004712805 |2 DOI | |
| 035 | |z (OCoLC)1451794124 | ||
| 040 | |a NL-LeKB |c NL-LeKB |e rda | ||
| 041 | |a eng | ||
| 050 | 4 | |a HN65 | |
| 072 | 7 | |a JF |2 bicssc | |
| 072 | 7 | |a SOC |x 026000 |2 bisacsh | |
| 082 | 0 | 4 | |a 309.173 |2 23 |
| 100 | 1 | |a Berger, Arthur Asa, |e author. | |
| 245 | 1 | 4 | |a The Signifying Self : |b A Psycho Social Semiotic Analysis of People Watching / |c Arthur Asa Berger. |
| 246 | 3 | |a A Psycho Social Semiotic Analysis of People Watching | |
| 264 | 1 | |a Leiden ; |a Boston : |b Brill, |c 2025. | |
| 264 | 4 | |c ©2025 | |
| 300 | |a 1 online resource (132 pages) : |b illustrations. | ||
| 336 | |a text |b txt |2 rdacontent | ||
| 337 | |a computer |b c |2 rdamedia | ||
| 338 | |a online resource |2 rdacarrier | ||
| 490 | 1 | |a Brill Research Perspectives in Humanities and Social Sciences | |
| 490 | 1 | |a Social Sciences E-Books Online, Collection 2025 | |
| 504 | |a Includes bibliographical references and index. | ||
| 520 | |a The Signifying Self is a study in people watching. It uses semiotics, psychoanalytic theory and sociological perspectives to consider how people present themselves to the world and are assessed by those watching them. It deals with people's physical attributes, such as their age, teeth, bodies and the brands of things they wear and use to suggest how those watching them make decisions about them. | ||
| 546 | |a English | ||
| 588 | |a Description based on print version record. | ||
| 650 | 0 | |a Applied Social Sciences. | |
| 650 | 0 | |a Cultural Studies. | |
| 650 | 0 | |a Social Sciences. | |
| 650 | 0 | |a Sociology & Anthropology. | |
| 776 | 0 | 8 | |i Print version: |t The Signifying Self : A Psycho Social Semiotic Analysis of People Watching. |d Leiden ; Boston : Brill, 2025. |z 9789004712799 |
| 830 | 0 | |a Brill Research Perspectives in Humanities and Social Sciences. | |
| 830 | 0 | |a Social Sciences E-Books Online, Collection 2025. | |
| 856 | 4 | |z DOI: |u http://dx.doi.org/10.1163/9789004712805 | |
| 942 | |2 lcc |c EBOOK | ||
| 999 | |c 59860 |d 59860 | ||
